Multi-Category Countdown Quiz Stats

 Plays Quiz Updated Oct 8, 2019

Score 0/120 Timer 14:00
2 Plays Today
% Correct
Lakers
96.1%
Clippers
95.1%
Spurs
94.8%
Mavericks
94.7%
Rockets
94.7%
Warriors
94.3%
Grizzlies
94.2%
The Beatles
94.2%
Beatles for Sale
94.1%
New Zealand
94.1%
Australia
93.7%
A Few Good Men
93.4%
Abbey Road
93.4%
Yellow Submarine
93.4%
Suns
93.2%
With The Beatles
93.2%
Kings
93%
One Flew Over The Cuckoo's Nest
92.9%
As Good as It Gets
92.8%
Christianity
92.8%
John F. Kennedy
92.7%
Abraham Lincoln
92.7%
Pelicans
92.6%
A Hard Day's Night
92.5%
Baking Soda
92.4%
Franklin Roosevelt
92.3%
Timberwolves
92.3%
Papua New Guinea
92.2%
Fiji
92.1%
Tonga
92.1%
Nuggets
92.1%
William McKinley
91.9%
Catholicism
91.9%
Trail Blazers
91.9%
Germany
91.9%
Packed Brown Sugar
91.9%
William H. Harrison
91.8%
Solomon Islands
91.8%
Granulated Sugar
91.7%
Sgt Pepper's Lonely Heart Club Band
91.7%
% Correct
Semi-Sweet Chocolate Morsels
91.6%
Marshall Islands
91.6%
Softened Butter
91.6%
Samoa
91.6%
Judaism
91.5%
Micronesia
91.5%
Large Eggs
91.3%
All-Purpose Flour
91.3%
Austria
91.2%
Belgium
91.1%
Luxembourg
91%
Allison Janney
90.9%
James Garfield
90.9%
Vanilla Extract
90.7%
Martin Sheen
90.7%
Palau
90.6%
Pluto
90.5%
Liechtenstein
90.4%
Tuvalu
90.4%
Bradley Whitford
90.4%
Islam
90.4%
Salt
90.3%
Terms of Endearment
90.3%
Magical Mystery Tour
90.2%
May
90.1%
Bible
90.1%
Janel Moloney
89.9%
About Schmidt
89.9%
Zachary Taylor
89.7%
Let It Be
89.6%
Vanuatu
89.6%
Please Please Me
89.2%
Mary-Louise Parker
89.2%
Richard Schiff
88.9%
Church
88.8%
Fred
88.7%
Warren Harding
88.7%
Alan Alda
88.4%
Nauru
88.3%
Rob Lowe
88.1%
% Correct
Switzerland
88.1%
John Spencer
88.1%
Scripture
87.7%
Easy Rider
87.7%
George
87.6%
Ceres
87.2%
Ginny
87.2%
Testament
86.8%
Five Easy Pieces
86.1%
Wendy
85.7%
Gomorrah
85.6%
Ron
85.4%
The Last Detail
85.3%
Eris
85.1%
Pennsylvania
84.9%
Prizzi's Honor
84.3%
Stockard Channing
84%
Help!
83.5%
Sodom
83.3%
Bill
82.1%
Chinatown
81.6%
Thunder
81.6%
Short Line
81.4%
John
81.4%
B & O
81.4%
Kiribati
81.3%
Mythology
81.2%
Jazz
80.4%
Charlie
80.2%
Michael
79.6%
Percy
79.4%
Reading
78.8%
Dulé Hill
77.8%
Verse
76.8%
Haumea
75.3%
Rubber Soul
73.2%
Revolver
70.2%
Ironweed
67.3%
Makemake
52.7%
Reds
45.7%

You're not logged in!

Compare scores with friends on all Sporcle quizzes.
OR
Log In

Sporcle TV

Today on Sporcle TV


Watch our educational content, quiz creation guides, and fun videos on Sporcle TV.

Show Comments

Extras

Top Quizzes Today


Score Distribution

Your Account Isn't Verified!

In order to create a playlist on Sporcle, you need to verify the email address you used during registration. Go to your Sporcle Settings to finish the process.

Report this User

Report this user for behavior that violates our Community Guidelines.

Details: